Текст томруулах:    
Railroads triumphant (Бичлэгийн дугаар. 146192)
000 -УДИРДЛАГА
Удирдлага 00957nam a22003017a 4500
003 - ХЯНАЛТЫН ТОО ТОДОРХОЙЛОГЧ
Код MN-UlNUM
005 - БИЧИЛТ ХИЙСЭН ОГНОО
Тухайн бичилтийг бичсэн засварласан сүүлийн огноо 20260115160047.0
008 - ЕРӨНХИЙ МЭДЭЭЛЭЛ
Ерөнхий мэдээлэл 260115s1992 nyuab||| |||| 001 0 eng |
020 ## - ISBN
ISBN 0195038533
040 ## - БИЧЛЭГ ҮҮСГЭГЧ БАЙГУУЛЛАГА
Бичлэг үүсгэгч номын сангийн код МУИС-ийн номын сан
084 ## - ББК АНГИЛАЛ
Нэмэлт тусгалт Бусад
ББК ангилал 65.37
Зохиогчийн гурван тэмдэгт M 36
Мэдлэгийн ялгаа 65 - Эдийн засаг
100 1# - ЗОХИОГЧ
Зохиогчийн нэр Martin, Albro.
245 10 - ҮНДСЭН ГАРЧИГ
Номын нэр Railroads triumphant
Бага гарчгийн мэдээ The growth, rejection, and rebirth of a vital American force
260 ## - ГАРАЛТЫН МЭДЭЭ
Хэвлэгдсэн газар New York :
Хэвлэлийн газар Oxford University Press,
Хэвлэгдсэн он 1992.
300 ## - МАТЕРИАЛЫН ТОДОРХОЙЛОЛТ
хуудасны тоо xiv, 428 p. :
Бусад тоон мэдээлэл ill. ;
Хэмжээ 24 cm.
500 ## - Тайлбар
Дансны дугаар БС 5009
546 ## - ХЭЛНИЙ ТУХАЙ МЭДЭЭ
Хэл Англи хэл дээр,
653 ## - Түлхүүр үг
Түлхүүр үг railroads
653 ## - Түлхүүр үг
Түлхүүр үг united States
653 ## - Түлхүүр үг
Түлхүүр үг history
740 ## - НОМЫН ГАРЧИГ
Гарчиг Nerves of Copper, Arteries of Iron
740 ## - НОМЫН ГАРЧИГ
Гарчиг A Nation on Wheels: The Formative Years of the American
740 ## - НОМЫН ГАРЧИГ
Гарчиг Mobile, Hard-Working, and Hard-Playing
740 ## - НОМЫН ГАРЧИГ
Гарчиг The Passenger Train Creates Modern America
942 ## - ЭЛЕМЕНТИЙН ТӨРӨЛ
Зүйлийн төрөл Ном